[Event "DEM U10 2019"]
[Site "Willingen GER"]
[Date "2019.06.11"]
[Round "5"]
[White "Chugunov, Ivan"]
[Black "Torosyan, Bagrat"]
[Result "1/2-1/2"]
[Termination "normal"]
[Board "10"]
[WhiteElo "1310"]
[BlackElo "1444"]
[PlyCount "118"]
[WhiteFideId "16256808"]
[BlackFideId "16258134"]
[EventCountry "GER"]
[EventRounds "11"]
[EventType "swiss"]
[EventDate "2019.06.08"]

1. e4 e5 2. Nf3 Nc6 3. Bc4 Nf6 4. d3 Bc5 5. c3 d5 6. exd5 Nxd5 7. O-O O-O 8. b4
Bb6 9. Bxd5 Qxd5 10. c4 Qd7 11. c5 Nxb4 12. cxb6 axb6 13. Nxe5 Qd4 14. Ba3 Qxe5
15. d4 Qa5 16. Qd2 c5 17. d5 Rd8 18. Bxb4 Qxb4 19. Re1 Qxd2 20. Nxd2 b5 21. d6
Bf5 22. Re5 Rxd6 23. Rxf5 Rxd2 24. Rxc5 h6 25. g3 Raxa2 26. Rxa2 Rxa2 27. Rxb5
Ra7 28. Kg2 Kf8 29. Kf3 Ke7 30. Ke4 Kd6 31. h4 Kc6 32. Re5 b5 33. Kd3 Rb7 34.
Kc3 Kd6 35. Re8 b4+ 36. Kb3 Kd5 37. Re3 Kd4 38. Rf3 Kc5 39. Rf5+ Kd4 40. Rf3 f6
41. Re3 Rb6 42. Re2 g5 43. h5 f5 44. f4 gxf4 45. gxf4 Rb5 46. Re6 Kd3 47. Rxh6
Ke4 48. Rf6 Kxf4 49. Rg6 Rb7 50. h6 Rh7 51. Kxb4 Kf3 52. Kc3 f4 53. Kd3 Kf2 54.
Ke4 f3 55. Rf6 Ke2 56. Kf5 f2 57. Kg6 Rxh6+ 58. Kxh6 f1=Q 59. Rxf1 Kxf1 1/2-1/2

[Event "DEM U10 2019"]
[Site "Willingen GER"]
[Date "2019.06.11"]
[Round "5"]
[White "Brügmann, Nick"]
[Black "Haubold, Christian Lucas"]
[Result "0-1"]
[Termination "normal"]
[Board "11"]
[WhiteElo "1415"]
[BlackElo "1387"]
[PlyCount "136"]
[WhiteFideId "16287126"]
[BlackFideId "16259629"]
[EventCountry "GER"]
[EventRounds "11"]
[EventType "swiss"]
[EventDate "2019.06.08"]

1. e4 c5 2. Nf3 d6 3. Bb5+ Nc6 4. O-O Bd7 5. Re1 Nf6 6. c3 a6 7. Ba4 b5 8. Bc2
Bg4 9. h3 Bxf3 10. Qxf3 g6 11. Qe3 Bg7 12. d4 cxd4 13. cxd4 O-O 14. a3 Nd7 15.
d5 Nce5 16. Nc3 Nc4 17. Qd3 Nc5 18. Qg3 Rc8 19. b4 Nb7 20. Rd1 Nb6 21. Bb2 Qc7
22. Rd3 Nc4 23. Bc1 Ne5 24. Re3 Nd7 25. Bb2 Be5 26. Qg5 Nb6 27. Bb3 Bf6 28. Qg4
Qd7 29. Qxd7 Nxd7 30. Nd1 Bxb2 31. Nxb2 Rc7 32. Bd1 Ne5 33. f4 Nc4 34. Nxc4
Rxc4 35. Bb3 Rc7 36. Ra2 Rfc8 37. Ree2 Rc3 38. Rec2 a5 39. Rxc3 Rxc3 40. Bc2 a4
41. Kf2 e6 42. Ke2 Kf8 43. Bd3 e5 44. Kd2 Rc7 45. fxe5 dxe5 46. Bxb5 Nd6 47.
Bd3 f5 48. exf5 gxf5 49. Rc2 Rg7 50. Ke1 Rg3 51. Rd2 e4 52. Bf1 Rxa3 53. Rb2
Ra1+ 54. Ke2 a3 55. Rb3 f4 56. b5 Ra2+ 57. Ke1 Ra1+ 58. Ke2 a2 59. Ra3 Nxb5 60.
Ra8+ Kf7 61. Kf2 Nc3 62. Bc4 e3+ 63. Kf3 e2 64. d6+ Kg6 65. d7 e1=Q 66. Rg8+
Kh6 67. d8=Q Qe4+ 68. Kf2 Qe3# 0-1

[Event "DEM U10 2019"]
[Site "Willingen GER"]
[Date "2019.06.11"]
[Round "5"]
[White "Arora, Abhiraaj"]
[Black "Aniol, Nico"]
[Result "1-0"]
[Termination "normal"]
[Board "12"]
[WhiteElo "1454"]
[BlackElo "1406"]
[PlyCount "167"]
[WhiteFideId "25611054"]
[BlackFideId "16287096"]
[EventCountry "GER"]
[EventRounds "11"]
[EventType "swiss"]
[EventDate "2019.06.08"]

1. e4 e5 2. Nf3 Nc6 3. Bc4 Nf6 4. d3 Be7 5. a3 d6 6. h3 Be6 7. Nbd2 Qd7 8. Bb3
h6 9. Nc4 O-O-O 10. Be3 a6 11. Qd2 Bxc4 12. Bxc4 d5 13. exd5 Nxd5 14. O-O-O f5
15. g3 g5 16. d4 e4 17. Ne5 Nxe5 18. dxe5 Nxe3 19. Qxe3 Qa4 20. Be6+ Kb8 21.
Bxf5 Rxd1+ 22. Rxd1 Qc4 23. Kb1 Rd8 24. Rxd8+ Bxd8 25. Qe1 Qb5 26. f4 exf3 27.
Bd3 Qc5 28. Bf1 Be7 29. e6 b6 30. Bxa6 f2 31. Qe2 Qa5 32. Bd3 Qe1+ 33. Ka2 Qxe2
34. Bxe2 Kb7 35. Kb3 Kc6 36. Kc3 Bc5 37. b4 Bd6 38. Bf3+ Kb5 39. Be2+ Kc6 40.
g4 Be5+ 41. Kd2 Kd6 42. Bc4 Bb2 43. a4 Be5 44. Ke2 Bd4 45. a5 bxa5 46. bxa5 Ba7
47. a6 Bb6 48. Kf1 Ba7 49. Kg2 Bb6 50. Kg3 f1=Q 51. Bxf1 Kxe6 52. h4 Ke5 53.
Bd3 Ba7 54. hxg5 hxg5 55. Kf3 Bb6 56. Ke2 Ba7 57. Kd2 Kd4 58. c3+ Kd5 59. Kc2
Kc5 60. Kb3 Bb6 61. Bf5 Ba7 62. c4 Bb6 63. Kc3 Ba7 64. Kd3 Kd6 65. Ke4 c5 66.
Bc8 Bb6 67. Kf5 Kc7 68. Bb7 Kd7 69. Kxg5 Ke7 70. Kh6 Kf7 71. g5 Kg8 72. g6 Kf8
73. g7+ Ke7 74. g8=Q Kd6 75. Qd5+ Ke7 76. Qc6 Ba7 77. Kg6 Bb8 78. Qf6+ Kd7 79.
Kf7 Bd6 80. Qe6+ Kc7 81. Qc8+ Kb6 82. Qc6+ Ka7 83. Bc8 Be7 84. Qb7# 1-0

[Event "DEM U10 2019"]
[Site "Willingen GER"]
[Date "2019.06.11"]
[Round "5"]
[White "Fruth, David"]
[Black "Guo, Jacob Tingshen"]
[Result "1-0"]
[Termination "normal"]
[Board "13"]
[WhiteElo "1423"]
[BlackElo "1420"]
[PlyCount "143"]
[WhiteFideId "16257596"]
[BlackFideId "16245245"]
[EventCountry "GER"]
[EventRounds "11"]
[EventType "swiss"]
[EventDate "2019.06.08"]

1. d4 d5 2. c4 e6 3. Nc3 Be7 4. Nf3 Nf6 5. e3 O-O 6. Bd3 Nbd7 7. O-O Nb6 8. c5
Nbd7 9. Qc2 h6 10. b3 c6 11. Bb2 b6 12. b4 Bb7 13. a3 Rc8 14. Ne2 Qc7 15. Ng3
Ra8 16. Rfc1 Rfc8 17. h3 a5 18. Bc3 axb4 19. axb4 Rcb8 20. Rcb1 Qc8 21. Qe2 Qc7
22. Rxa8 Rxa8 23. Ra1 Qb8 24. Qb2 Rxa1+ 25. Qxa1 Qa8 26. Qxa8+ Bxa8 27. Ba6 b5
28. Bc8 Nb8 29. Ne2 Kf8 30. Nf4 Ke8 31. h4 Ng8 32. Ne5 Bf6 33. Nxf7 Kxf7 34.
Bxe6+ Ke8 35. Bxg8 Bxh4 36. g3 Bf6 37. Bh7 Bb7 38. Bf5 Kd8 39. Ne6+ Ke7 40. Nf4
Kd8 41. Kg2 Bc8 42. Bxc8 Kxc8 43. Kf3 Nd7 44. Ne6 Nb8 45. Kg4 Kd7 46. Kf5 Ke7
47. Nf4 Kf7 48. e4 dxe4 49. Kxe4 Nd7 50. Nh5 Be7 51. d5 cxd5+ 52. Kxd5 Nb8 53.
Nxg7 Bd8 54. Ne6 Be7 55. c6 Nxc6 56. Kxc6 Kxe6 57. Kxb5 Kd7 58. Ka6 Kc7 59.
Be5+ Kc8 60. b5 Bc5 61. b6 Bxb6 62. Kxb6 Kd7 63. f4 Ke6 64. g4 Kf7 65. Kc7 Kg6
66. f5+ Kf7 67. Kd7 Kf8 68. Ke6 Ke8 69. f6 h5 70. f7+ Kf8 71. Kf6 hxg4 72. Bd6#
1-0

[Event "DEM U10 2019"]
[Site "Willingen GER"]
[Date "2019.06.11"]
[Round "5"]
[White "Burkart, Lloyd Shang"]
[Black "Li, David"]
[Result "1/2-1/2"]
[Termination "normal"]
[Board "14"]
[WhiteElo "1411"]
[BlackElo "1418"]
[PlyCount "55"]
[WhiteFideId "16239059"]
[BlackFideId "16287185"]
[EventCountry "GER"]
[EventRounds "11"]
[EventType "swiss"]
[EventDate "2019.06.08"]

1. d4 d5 2. c4 c6 3. Nc3 Nf6 4. Nf3 e6 5. e3 Be7 6. Qc2 O-O 7. Bd3 dxc4 8. Bxc4
b5 9. Bd3 Bb7 10. O-O a6 11. Qe2 c5 12. dxc5 Bxc5 13. a3 Nc6 14. b4 Ba7 15. Bb2
Ne7 16. Rfd1 Qb6 17. Rac1 Rfd8 18. h3 Rac8 19. Nd4 Ba8 20. Bb1 Qb7 21. Qf3 Qxf3
22. Nxf3 Ned5 23. Nxd5 Bxd5 24. Bd3 h6 25. Bxf6 gxf6 26. Be2 Rxc1 27. Rxc1 Bb6
28. Kf1 1/2-1/2

[Event "DEM U10 2019"]
[Site "Willingen GER"]
[Date "2019.06.11"]
[Round "5"]
[White "Yue, Qihang"]
[Black "Jahnz, Laurin"]
[Result "1/2-1/2"]
[Termination "normal"]
[Board "15"]
[WhiteElo "1354"]
[BlackElo "1497"]
[PlyCount "47"]
[WhiteFideId "16278968"]
[BlackFideId "16261089"]
[EventCountry "GER"]
[EventRounds "11"]
[EventType "swiss"]
[EventDate "2019.06.08"]

1. d4 d5 2. c4 e6 3. Nc3 Nf6 4. Nf3 c6 5. Bg5 Nbd7 6. e3 Be7 7. Bd3 O-O 8. O-O
Re8 9. Re1 Nf8 10. Qc2 Bd7 11. Ne5 Ng6 12. Nxg6 hxg6 13. Rac1 Rc8 14. e4 dxe4
15. Nxe4 Nxe4 16. Bxe7 Rxe7 17. Bxe4 Be8 18. Rcd1 Rd7 19. Qd2 Qf6 20. Re3 Rcd8
21. Rd3 Qh4 22. Bf3 e5 23. g3 Qf6 24. d5 1/2-1/2

[Event "DEM U10 2019"]
[Site "Willingen GER"]
[Date "2019.06.11"]
[Round "5"]
[White "Gärtner, Alessandro"]
[Black "Schlange, Jonathan"]
[Result "1/2-1/2"]
[Termination "normal"]
[Board "16"]
[WhiteElo "1233"]
[BlackElo "1488"]
[PlyCount "100"]
[WhiteFideId "16268024"]
[BlackFideId "16287240"]
[EventCountry "GER"]
[EventRounds "11"]
[EventType "swiss"]
[EventDate "2019.06.08"]

1. d4 Nf6 2. Bg5 Ne4 3. Bf4 c5 4. c3 Qb6 5. Qb3 Qf6 6. Be3 e6 7. Qc2 d5 8. Nd2
Nxd2 9. Qxd2 b6 10. Nf3 Nc6 11. g3 Bd6 12. Bg2 h6 13. O-O O-O 14. Rfe1 Ne7 15.
b3 Ba6 16. Rac1 Nf5 17. Bf4 Bxf4 18. Qxf4 c4 19. b4 g5 20. Qe5 Qe7 21. e4 f6
22. Qxf5 exf5 23. exd5 Qd6 24. Nd2 b5 25. Re6 Qd7 26. Rxa6 Rae8 27. d6 Re2 28.
Nf3 Qb7 29. Ra5 Qb6 30. Kf1 Re6 31. Nd2 Rxd6 32. Re1 a6 33. a4 bxa4 34. Nxc4
Qc7 35. Nxd6 Qxd6 36. Rxa4 Qc7 37. Ra3 Qc4+ 38. Kg1 Rd8 39. Bf1 Qc6 40. Rc1
Rxd4 41. Rxa6 Qc8 42. cxd4 Qxc1 43. Rxf6 Qd2 44. Rxf5 Qxd4 45. b5 Kg7 46. Rf3
Qb4 47. h3 Kg6 48. Rd3 h5 49. Re3 Kf6 50. Kg2 Kf5 1/2-1/2

[Event "DEM U10 2019"]
[Site "Willingen GER"]
[Date "2019.06.11"]
[Round "5"]
[White "Xue, Luka"]
[Black "Theviot, Luca"]
[Result "1-0"]
[Termination "normal"]
[Board "17"]
[WhiteElo "1429"]
[BlackElo "1276"]
[PlyCount "61"]
[WhiteFideId "16277252"]
[BlackFideId "16277449"]
[EventCountry "GER"]
[EventRounds "11"]
[EventType "swiss"]
[EventDate "2019.06.08"]

1. e4 c5 2. Nc3 e5 3. Bc4 Nf6 4. d3 Be7 5. f4 d6 6. Nf3 Nc6 7. O-O O-O 8. Qe1
Nd7 9. Qg3 Re8 10. f5 Na5 11. Bb3 Nxb3 12. axb3 Bf8 13. Nd5 Kh8 14. Qh3 f6 15.
g4 Nb6 16. g5 Nxd5 17. exd5 g6 18. Nh4 Bxf5 19. Nxf5 gxf5 20. Rxf5 Qd7 21. Ra4
Qg7 22. Rg4 Qd7 23. g6 Re7 24. Rxf6 Rg7 25. Bh6 Rg8 26. Rf7 Qxg4+ 27. Qxg4 Rxg6
28. Qxg6 hxg6 29. Rxf8+ Rxf8 30. Bxf8 Kg8 31. Bxd6 1-0

[Event "DEM U10 2019"]
[Site "Willingen GER"]
[Date "2019.06.11"]
[Round "5"]
[White "Huang, Luca Hanson"]
[Black "Kullmann, Theo"]
[Result "0-1"]
[Termination "normal"]
[Board "19"]
[WhiteElo "1261"]
[BlackElo "1465"]
[PlyCount "70"]
[WhiteFideId "16279182"]
[BlackFideId "16218582"]
[EventCountry "GER"]
[EventRounds "11"]
[EventType "swiss"]
[EventDate "2019.06.08"]

1. d4 d5 2. Bf4 Nf6 3. e3 g6 4. Nf3 Bg7 5. Nbd2 O-O 6. c3 b6 7. Bd3 Bb7 8. h3
c5 9. Be2 Nbd7 10. Qb3 Rc8 11. Rc1 Ne4 12. Nxe4 dxe4 13. Nd2 cxd4 14. exd4 Bxd4
15. Bc4 Bg7 16. O-O Nc5 17. Qc2 Nd3 18. Bxd3 exd3 19. Qd1 Qd5 20. Qf3 Qd7 21.
Qg3 f5 22. Rfe1 Rce8 23. Bg5 e5 24. Qh4 Qd5 25. f3 e4 26. Be3 Bf6 27. Qf2 Bg7
28. b3 f4 29. fxe4 fxe3 30. Qxf8+ Rxf8 31. exd5 exd2 32. c4 dxc1=Q 33. Rxc1 d2
34. Rd1 Bc3 35. g3 Re8 0-1

[Event "DEM U10 2019"]
[Site "Willingen GER"]
[Date "2019.06.11"]
[Round "5"]
[White "Kullmann, Max"]
[Black "Herrmann, Arthur"]
[Result "1/2-1/2"]
[Termination "normal"]
[Board "20"]
[WhiteElo "1455"]
[BlackElo "1233"]
[PlyCount "87"]
[WhiteFideId "16218574"]
[BlackFideId "16287150"]
[EventCountry "GER"]
[EventRounds "11"]
[EventType "swiss"]
[EventDate "2019.06.08"]

1. d4 d5 2. c4 e6 3. Bf4 Nf6 4. Nc3 Bd6 5. Bxd6 Qxd6 6. e3 O-O 7. Bd3 dxc4 8.
Bxc4 a6 9. Nf3 Nbd7 10. O-O Nb6 11. Bb3 Bd7 12. Rc1 Rad8 13. Ne5 Nbd5 14. Nxd5
exd5 15. Qc2 c6 16. a3 Ng4 17. Nxg4 Bxg4 18. h3 Bh5 19. Ba2 Bg6 20. Qb3 Rd7 21.
Qd1 Bf5 22. Bb1 Qg6 23. Qf3 Bxb1 24. Rxb1 Rd6 25. Qg3 Qxg3 26. fxg3 Re8 27.
Rbd1 Rde6 28. Rf3 f6 29. g4 h6 30. Kf2 Kf7 31. Rc1 Ke7 32. Rc3 Kd6 33. b4 Rc8
34. Rb3 b5 35. Ke2 Kd7 36. Kd2 Ra8 37. Rf1 a5 38. Rfb1 axb4 39. axb4 Ree8 40.
Kd3 Ra2 41. R1b2 Rxb2 42. Rxb2 Ra8 43. Kc2 Ra3 44. Rb3 1/2-1/2

[Event "DEM U10 2019"]
[Site "Willingen GER"]
[Date "2019.06.11"]
[Round "5"]
[White "Meng, Yuxuan"]
[Black "Möller, Tom"]
[Result "1-0"]
[Termination "normal"]
[Board "21"]
[WhiteElo "1288"]
[BlackElo "1229"]
[PlyCount "65"]
[WhiteFideId "16258231"]
[BlackFideId "16287215"]
[EventCountry "GER"]
[EventRounds "11"]
[EventType "swiss"]
[EventDate "2019.06.08"]

1. e4 c5 2. Nf3 Nc6 3. Bb5 a6 4. Bxc6 dxc6 5. a3 Bg4 6. O-O Nf6 7. d3 e6 8. Be3
Qc7 9. Nbd2 Bd6 10. h3 h5 11. Re1 Bxf3 12. Nxf3 Nd7 13. Qd2 b6 14. c3 f6 15. h4
Ne5 16. Nxe5 Bxe5 17. f4 Bd6 18. Rac1 Rd8 19. Rf1 g6 20. Qe2 O-O 21. d4 cxd4
22. cxd4 a5 23. f5 Bh2+ 24. Kh1 exf5 25. exf5 gxf5 26. Rxf5 Rf7 27. Qxh5 Rg7
28. Bh6 Rxd4 29. Bxg7 Kxg7 30. Rcf1 Be5 31. R5f3 Bg3 32. Kg1 Bxh4 33. Rh3 1-0

[Event "DEM U10 2019"]
[Site "Willingen GER"]
[Date "2019.06.11"]
[Round "5"]
[White "Jouani, Zakharia"]
[Black "Birkenheier, Nicolas"]
[Result "1-0"]
[Termination "normal"]
[Board "22"]
[WhiteElo "1507"]
[BlackElo "1160"]
[PlyCount "127"]
[WhiteFideId "16206746"]
[BlackFideId "16287100"]
[EventCountry "GER"]
[EventRounds "11"]
[EventType "swiss"]
[EventDate "2019.06.08"]

1. e4 e5 2. Nf3 Nc6 3. Bb5 Bc5 4. O-O d6 5. d3 Bg4 6. c3 Nf6 7. Nbd2 O-O 8. Re1
Re8 9. h3 Bh5 10. d4 exd4 11. cxd4 Bb6 12. d5 a6 13. Ba4 Ne5 14. Bxe8 Qxe8 15.
Qb3 a5 16. Nxe5 Qxe5 17. Nc4 Qe7 18. Nxb6 cxb6 19. Bf4 Nd7 20. Rac1 Nc5 21. Qc3
Rc8 22. a3 a4 23. Qb4 Qd8 24. Qc3 h6 25. Rc2 Qd7 26. Rec1 Qe7 27. Qb4 Qd7 28.
Qxb6 Bg6 29. Bxd6 Bxe4 30. Rxc5 Rxc5 31. Qxc5 Bg6 32. Qc8+ Qxc8 33. Rxc8+ Kh7
34. Be7 Bf5 35. Rd8 b5 36. d6 Be6 37. d7 Bf5 38. Rh8+ Kxh8 39. d8=Q+ Kh7 40.
Qd5 Be6 41. Qxb5 Kg6 42. Qxa4 Kh7 43. Qe4+ Kg8 44. Qxe6 fxe6 45. b4 Kf7 46. Bd6
Ke8 47. b5 Kd7 48. Be5 Kc8 49. Bxg7 Kb7 50. Bxh6 Kb6 51. a4 Ka5 52. g4 Kb6 53.
g5 Kc5 54. g6 Kd6 55. g7 Kc5 56. g8=Q Kd4 57. Qxe6 Kc5 58. Bf8+ Kd4 59. Qe3+
Kd5 60. Be7 Kc4 61. Qd2 Kb3 62. Qc1 Ka2 63. Qc2+ Ka1 64. Bf6# 1-0

[Event "DEM U10 2019"]
[Site "Willingen GER"]
[Date "2019.06.11"]
[Round "5"]
[White "Jumah, Shayan"]
[Black "Middendorf, Sven-Jonas"]
[Result "0-1"]
[Termination "normal"]
[Board "23"]
[WhiteElo "1295"]
[BlackElo "1452"]
[PlyCount "172"]
[WhiteFideId "16281888"]
[BlackFideId "16287207"]
[EventCountry "GER"]
[EventRounds "11"]
[EventType "swiss"]
[EventDate "2019.06.08"]

1. e4 e5 2. Nf3 Nc6 3. Bb5 a6 4. Ba4 Nf6 5. d3 b5 6. Bb3 Be7 7. O-O d6 8. Bg5
h6 9. Bh4 O-O 10. h3 Re8 11. Nbd2 Bf8 12. Re1 g5 13. Bg3 Bg7 14. Nf1 Na5 15.
N1h2 Nxb3 16. axb3 c5 17. Qd2 Bd7 18. c4 b4 19. Ra2 Qc7 20. Rea1 a5 21. Nf1 Nh5
22. Bh2 Rf8 23. Ng3 Nxg3 24. Bxg3 f5 25. exf5 Bxf5 26. Nh2 Ra6 27. f3 Bf6 28.
Rf1 h5 29. Be1 Qh7 30. g4 Bxd3 31. Rf2 h4 32. Nf1 Bxf1 33. Rxf1 e4 34. Qd5+ Kh8
35. fxe4 Qf7 36. Qxf7 Rxf7 37. Bf2 Kg7 38. Be3 Re7 39. Rf5 Kg6 40. Ra1 Rxe4 41.
Raf1 d5 42. Bxc5 dxc4 43. bxc4 Rxc4 44. Ba7 Bxb2 45. Bb8 Rc1 46. Rxc1 Bxc1 47.
Rb5 Bd2 48. Be5 Be3+ 49. Kf1 a4 50. Rxb4 a3 51. Rb1 Rc6 52. Ke2 Rc1 53. Ra1
Rxa1 54. Bxa1 Bc1 55. Kd1 Bb2 56. Bxb2 axb2 57. Kc2 Kf6 58. Kxb2 Ke5 59. Kc2
Kf4 60. Kd2 Kf3 61. Ke1 Kg3 62. Ke2 Kxh3 63. Kf2 Kxg4 64. Kg2 h3+ 65. Kh2 Kf4
66. Kxh3 Kf3 67. Kh2 g4 68. Kg1 Kg3 69. Kf1 Kh2 70. Ke2 g3 71. Kd3 g2 72. Kd4
g1=Q+ 73. Kd5 Qg4 74. Ke5 Kg3 75. Kd5 Qf4 76. Ke6 Qg5 77. Kd6 Qf5 78. Kc6 Qe5
79. Kb7 Qd6 80. Ka7 Qc6 81. Kb8 Qd7 82. Ka8 Kf4 83. Kb8 Ke5 84. Ka8 Kd6 85. Kb8
Kc6 86. Ka8 Qb7# 0-1

[Event "DEM U10 2019"]
[Site "Willingen GER"]
[Date "2019.06.11"]
[Round "5"]
[White "Bock, Leonas"]
[Black "Rau, Eduard"]
[Result "1-0"]
[Termination "normal"]
[Board "24"]
[WhiteElo "1363"]
[BlackElo "1221"]
[PlyCount "39"]
[WhiteFideId "16287118"]
[BlackFideId "16287231"]
[EventCountry "GER"]
[EventRounds "11"]
[EventType "swiss"]
[EventDate "2019.06.08"]

1. b3 Nf6 2. Bb2 d5 3. e3 c5 4. Nf3 e6 5. Be2 Nc6 6. O-O Bd6 7. c4 O-O 8. d4
cxd4 9. exd4 dxc4 10. Bxc4 b6 11. Ne5 Bb7 12. f4 Qc7 13. Qe2 Nxe5 14. fxe5 Ne4
15. exd6 Qxd6 16. Ba3 Qxd4+ 17. Kh1 Nf2+ 18. Qxf2 Qxa1 19. Bxf8 Kxf8 20. Qxf7#
1-0

[Event "DEM U10 2019"]
[Site "Willingen GER"]
[Date "2019.06.11"]
[Round "5"]
[White "Yang, Marco"]
[Black "Detjen, Mattes"]
[Result "1-0"]
[Termination "normal"]
[Board "25"]
[WhiteElo "1278"]
[BlackElo "1296"]
[PlyCount "83"]
[WhiteFideId "16254260"]
[BlackFideId "16235690"]
[EventCountry "GER"]
[EventRounds "11"]
[EventType "swiss"]
[EventDate "2019.06.08"]

1. e4 e5 2. Nf3 Nc6 3. Bc4 Bc5 4. c3 Nf6 5. d4 exd4 6. cxd4 Bb4+ 7. Nc3 Nxe4 8.
O-O Bxc3 9. d5 Bf6 10. Re1 Ne7 11. Rxe4 d6 12. Ng5 Bxg5 13. Bxg5 h6 14. Rxe7+
Qxe7 15. Bxe7 Kxe7 16. Qe2+ Kd8 17. Re1 Bd7 18. Qe7+ Kc8 19. Qxf7 g5 20. Re7
Rd8 21. Bb5 c6 22. dxc6 bxc6 23. Ba6+ Kc7 24. Qc4 Rab8 25. b4 Rb6 26. a4 Kb8
27. Rxd7 Re8 28. Kf1 Ka8 29. Rb7 Rxb7 30. Bxb7+ Kxb7 31. Qf7+ Kb6 32. Qxe8 a5
33. Qd8+ Kb7 34. bxa5 c5 35. Qb6+ Kc8 36. Qxd6 g4 37. a6 g3 38. a7 Kb7 39. Qb8+
Kc6 40. a8=Q+ Kd7 41. Qa6 gxh2 42. Qbb7+ 1-0

[Event "DEM U10 2019"]
[Site "Willingen GER"]
[Date "2019.06.11"]
[Round "5"]
[White "Buchinger, Alexis"]
[Black "Herrmann, Jakob"]
[Result "0-1"]
[Termination "normal"]
[Board "26"]
[WhiteElo "1291"]
[BlackElo "1124"]
[PlyCount "110"]
[WhiteFideId "16287134"]
[BlackFideId "16287169"]
[EventCountry "GER"]
[EventRounds "11"]
[EventType "swiss"]
[EventDate "2019.06.08"]

1. e4 c6 2. d4 d5 3. Nc3 dxe4 4. Nxe4 Bf5 5. Ng3 Bg6 6. Nf3 Nd7 7. h4 h6 8. h5
Bh7 9. Bd3 Bxd3 10. Qxd3 e6 11. Bf4 Ngf6 12. O-O-O Nd5 13. Be5 Qb6 14. Rhe1
O-O-O 15. Ne4 Nb4 16. Qb3 Nb8 17. Nfd2 Rd7 18. Nc4 Qd8 19. Bxg7 Nxa2+ 20. Qxa2
Bxg7 21. Qxa7 Bxd4 22. Rxd4 Rxd4 23. Nc5 Qg5+ 24. Re3 Qe7 25. Nxe6 Rxc4 26. b3
Rh4 27. g3 Rh1+ 28. Kb2 fxe6 29. Qd4 Rd8 30. Qe4 Qf6+ 31. Rc3 Rb1+ 32. Kxb1
Qxc3 33. Qxe6+ Nd7 34. f4 Qf6 35. Qe1 Kc7 36. Qa5+ Nb6 37. Qe1 Ra8 38. Qe5+
Qxe5 39. fxe5 Kd7 40. g4 Rg8 41. g5 Rxg5 42. e6+ Kxe6 43. c4 Rxh5 44. Kb2 Rf5
45. Ka3 h5 46. Kb4 h4 47. c5 Nd7 48. Ka5 h3 49. b4 h2 50. b5 h1=Q 51. b6 Rxc5+
52. Kb4 Qe4+ 53. Kb3 Qc4+ 54. Kb2 Qb4+ 55. Ka1 Ra5# 0-1

[Event "DEM U10 2019"]
[Site "Willingen GER"]
[Date "2019.06.11"]
[Round "5"]
[White "Shkundin, Maximilian"]
[Black "Brandt, Mattis"]
[Result "1/2-1/2"]
[Termination "normal"]
[Board "27"]
[WhiteElo "1224"]
[BlackElo "1359"]
[PlyCount "70"]
[WhiteFideId "16287258"]
[BlackFideId "16267397"]
[EventCountry "GER"]
[EventRounds "11"]
[EventType "swiss"]
[EventDate "2019.06.08"]

1. e4 e6 2. d4 d5 3. exd5 exd5 4. Bd3 Bd6 5. Nf3 Nf6 6. O-O O-O 7. c3 Bg4 8.
Nbd2 Nbd7 9. h3 Bh5 10. Re1 c5 11. Qc2 Rc8 12. b3 Re8 13. Ba3 Bf4 14. Rxe8+
Qxe8 15. Re1 Qd8 16. Qb2 Qb6 17. Bf5 Bg6 18. dxc5 Qd8 19. Bxg6 hxg6 20. b4 a5
21. Qc2 axb4 22. cxb4 b6 23. c6 b5 24. Rc1 Nb8 25. Qd3 Nxc6 26. Qxb5 Nd4 27.
Rxc8 Qxc8 28. Nxd4 Bxd2 29. Nc6 Qe6 30. Nd4 Qe1+ 31. Qf1 Bxb4 32. Nc2 Qxf1+ 33.
Kxf1 Bxa3 34. Nxa3 Ne4 35. Nc2 Nc3 1/2-1/2

[Event "DEM U10 2019"]
[Site "Willingen GER"]
[Date "2019.06.11"]
[Round "5"]
[White "Mühlbauer, Adrian"]
[Black "Barthel, Jacob"]
[Result "0-1"]
[Termination "normal"]
[Board "28"]
[WhiteElo "1193"]
[BlackElo "1150"]
[PlyCount "176"]
[WhiteFideId "16287223"]
[BlackFideId "16273346"]
[EventCountry "GER"]
[EventRounds "11"]
[EventType "swiss"]
[EventDate "2019.06.08"]

1. e4 e5 2. Nf3 Nc6 3. d4 exd4 4. Nxd4 Bc5 5. Be3 Qe7 6. Nxc6 dxc6 7. Bxc5 Qxc5
8. g3 Be6 9. Bg2 Rd8 10. Qe2 Nf6 11. O-O Bg4 12. Qe3 Qxc2 13. b3 O-O 14. Na3
Qe2 15. Qf4 Rd4 16. Qxc7 Qa6 17. Nc2 Rd7 18. Qf4 Be6 19. Qe3 Re8 20. Qf4 Rde7
21. Rfd1 Qb6 22. Kh1 Ng4 23. Rd2 Bc8 24. Rad1 Ne5 25. Qg5 h6 26. Qe3 Qxe3 27.
Nxe3 Rd7 28. Rxd7 Nxd7 29. f4 f6 30. Nf5 Nc5 31. Kg1 Kh7 32. Kf2 Na6 33. Bh3
Bxf5 34. exf5 Re7 35. Rd8 Nb4 36. a3 Nc2 37. Ra8 a6 38. a4 Nd4 39. b4 Nc2 40.
b5 cxb5 41. axb5 axb5 42. Bf1 b4 43. Ra2 Nd4 44. Rb2 Nxf5 45. Rxb4 Nd6 46. Bg2
Kg8 47. Rb6 Rd7 48. Bh3 f5 49. Bg2 Kf8 50. Ke3 Ke7 51. Ke2 Kd8 52. Rb1 Rc7 53.
Kd3 Kd7 54. Kd2 b5 55. h3 Ra7 56. Kc3 Ra3+ 57. Rb3 Ra1 58. g4 fxg4 59. hxg4 Rg1
60. Bh3 Rg3+ 61. Kc2 Rxb3 62. Kxb3 Ke6 63. Kb4 Kd5 64. Bg2+ Kd4 65. g5 h5 66.
f5 Nxf5 67. Kxb5 Ke5 68. Kc4 Ne3+ 69. Kd3 Nxg2 70. Ke2 Kf5 71. Kf3 Kxg5 72.
Kxg2 Kh4 73. Kh2 g5 74. Kg2 g4 75. Kh2 g3+ 76. Kg2 Kg4 77. Kg1 h4 78. Kh1 h3
79. Kg1 Kf3 80. Kh1 g2+ 81. Kg1 h2+ 82. Kxh2 Kf2 83. Kh3 g1=Q 84. Kh4 Kf3 85.
Kh5 Kf4 86. Kh6 Kf5 87. Kh7 Kf6 88. Kh8 Qg7# 0-1